000
00311nam a2200145Ia 4500
005
20250317141451.0
008
240331s9999 xx 000 0 und d
082
_b
JAY
_a
894
100
_a
Jayamohan,
245
0
_a
Naval
260
_a
Madras
_b
Madal
_c
1994
300
_a
99 p .,
650
_a
A Novel
942
_c
L
999
_c
3954
_d
3954